|
|
|
|
| LEADER |
00701nam a22002172a 4500 |
| 001 |
000371624 |
| 003 |
CZ BrMZK |
| 005 |
20141212103510.0 |
| 008 |
980103s1985 xo f slo d |
| 040 |
|
|
|a BOA001
|b cze
|
| 080 |
|
|
|a 621.791(075.8)
|2 MRF
|
| 100 |
1 |
|
|a Adamka, Jozef,
|d 1930-2000
|7 jx20040720161
|
| 245 |
1 |
0 |
|a Teória zvárania /
|c Jozef Adamka, Emil Grutka, Július Veselko
|
| 250 |
|
|
|a 1. vyd.
|
| 260 |
|
|
|a Bratislava :
|b Alfa,
|c 1985
|
| 300 |
|
|
|a 217 s.
|
| 700 |
1 |
|
|a Veselko, Július
|7 jx20050628025
|
| 700 |
1 |
|
|a Grutka, Emil
|7 mzk2014851797
|
| 910 |
|
|
|a BOA001
|b TK-A-0224.542
|
| 990 |
|
|
|a BK
|
| 996 |
7 |
|
|b 2629976514
|c TK-A-0224.542
|l MZK
|r Sklad / do 24 hodin
|n 0
|w 000371624
|u 000010
|a 1
|e BOA001
|j MZK50
|s A
|